| 000 | 00403nam a2200121 4500 | ||
|---|---|---|---|
| 999 |
_c13733 _d13733 |
||
| 008 | 190403b ||||| |||| 00| 0 eng d | ||
| 100 |
_938177 _aMiraflor, Madelaine B. |
||
| 245 |
_aAsian eye institute expands abroad with Vietnam tie-up/ _cMadelaine B. Miraflor |
||
| 260 |
_aPhilippines: _bManila Bulletin; _cc2018. |
||
| 300 | _apage B-3. | ||
| 650 | 0 |
_938178 _aInternational relations. |
|
| 942 |
_2ddc _cPER |
||